| 000 | 00622nam a2200229 a 4500 | ||
|---|---|---|---|
| 999 |
_c901 _d901 |
||
| 008 | 191107t1988 xxu||||g |||| 00| 0 eng d | ||
| 020 |
_a9780671652500 _cRs. 359.00 |
||
| 040 |
_aKO _beng |
||
| 041 | 0 | _aeng | |
| 044 | _axxu | ||
| 082 | 0 | 4 |
_223 _a808.8 _bW331 |
| 245 | 1 | 0 |
_aLight From Many Lamps / _cEdited and with Commentary by Lillian Eichler Watson |
| 260 |
_aNew York : _bSimon & Schuster , _c1988 |
||
| 300 |
_axxii, 324 p. ; _c22 cm. |
||
| 504 | _aIncludes Index. | ||
| 650 | 0 | _aHappiness | |
| 650 | 0 | _aSelf-control | |
| 700 |
_aWatson, Lillian Eichler _eedt |
||
| 904 | _aA_BOSE | ||
| 942 | _cBK | ||